<?xml version="1.0" encoding="UTF-8"?>
<record
    xmlns:xsi="http://www.w3.org/2001/XMLSchema-instance"
    xsi:schemaLocation="http://www.loc.gov/MARC21/slim http://www.loc.gov/standards/marcxml/schema/MARC21slim.xsd"
    xmlns="http://www.loc.gov/MARC21/slim">

  <leader>01404nam a2200217Ia 4500</leader>
  <controlfield tag="003">Ost</controlfield>
  <controlfield tag="005">20260507075656.0</controlfield>
  <controlfield tag="008">260507s9999||||xx |||||||||||||| ||und||</controlfield>
  <datafield tag="040" ind1=" " ind2=" ">
    <subfield code="c">fsecg</subfield>
  </datafield>
  <datafield tag="041" ind1=" " ind2=" ">
    <subfield code="a">ara</subfield>
  </datafield>
  <datafield tag="082" ind1=" " ind2=" ">
    <subfield code="a">330.122</subfield>
  </datafield>
  <datafield tag="100" ind1=" " ind2=" ">
    <subfield code="a">&#x639;&#x62A;&#x631;&#x64A;&#x633;&#x64A;&#x60C; &#x62C;&#x639;&#x641;&#x631; &#x62D;&#x633;&#x646;</subfield>
    <subfield code="e">&#x645;&#x624;&#x644;&#x641;</subfield>
  </datafield>
  <datafield tag="245" ind1=" " ind2="0">
    <subfield code="a">&#x627;&#x644;&#x631;&#x623;&#x633;&#x645;&#x627;&#x644;&#x64A;&#x629; &#x62A;&#x62C;&#x62A;&#x627;&#x62D; &#x627;&#x644;&#x639;&#x627;&#x644;&#x645; :</subfield>
    <subfield code="b">&#x642;&#x631;&#x627;&#x621;&#x629; &#x641;&#x64A; &#x627;&#x644;&#x625;&#x642;&#x62A;&#x635;&#x627;&#x62F; &#x627;&#x644;&#x633;&#x64A;&#x627;&#x633;&#x64A; &#x627;&#x644;&#x639;&#x627;&#x644;&#x645;&#x64A; /</subfield>
    <subfield code="c"> &#x62C;&#x639;&#x641;&#x631; &#x62D;&#x633;&#x646; &#x639;&#x62A;&#x631;&#x64A;&#x633;&#x64A;</subfield>
  </datafield>
  <datafield tag="260" ind1=" " ind2=" ">
    <subfield code="a">&#x628;&#x64A;&#x631;&#x648;&#x62A;: </subfield>
    <subfield code="b">&#x62F;&#x627;&#x631; &#x627;&#x644;&#x647;&#x627;&#x62F;&#x64A;, </subfield>
    <subfield code="c">2004</subfield>
  </datafield>
  <datafield tag="300" ind1=" " ind2=" ">
    <subfield code="a">477  &#x635;&#x641;&#x62D;&#x629;&#x61B; </subfield>
    <subfield code="b">&#x625;&#x64A;&#x636;&#x627;&#x62D;&#x627;&#x62A; &#x61B;</subfield>
    <subfield code="c">24 &#x633;&#x645;</subfield>
  </datafield>
  <datafield tag="504" ind1=" " ind2=" ">
    <subfield code="a">&#x627;&#x644;&#x645;&#x631;&#x627;&#x62C;&#x639; &#x635;. 473</subfield>
  </datafield>
  <datafield tag="520" ind1=" " ind2=" ">
    <subfield code="a">&#x627;&#x644;&#x631;&#x623;&#x633;&#x645;&#x627;&#x644;&#x64A;&#x629;&#x60C; &#x627;&#x644;&#x62B;&#x631;&#x648;&#x629;&#x60C; &#x627;&#x644;&#x645;&#x641;&#x647;&#x648;&#x645; &#x627;&#x644;&#x644;&#x64A;&#x628;&#x64A;&#x631;&#x627;&#x644;&#x64A;&#x60C; &#x627;&#x644;&#x645;&#x62F;&#x627;&#x631;&#x633; &#x627;&#x644;&#x62A;&#x62F;&#x627;&#x62E;&#x644;&#x64A;&#x629; &#x627;&#x644;&#x627;&#x642;&#x62A;&#x635;&#x627;&#x62F;&#x64A;&#x629;&#x60C; &#x627;&#x644;&#x631;&#x623;&#x633;&#x645;&#x627;&#x644;&#x64A;&#x629; &#x627;&#x644;&#x62A;&#x62F;&#x62E;&#x644;&#x64A;&#x629;&#x60C; &#x627;&#x644;&#x631;&#x623;&#x633;&#x645;&#x627;&#x644;&#x64A;&#x629; &#x627;&#x644;&#x645;&#x646;&#x62A;&#x635;&#x631;&#x629;&#x60C; &#x62A;&#x62C;&#x631;&#x628;&#x629; &#x627;&#x644;&#x631;&#x623;&#x633;&#x645;&#x627;&#x644;&#x64A;&#x629; &#x648;&#x627;&#x644;&#x62E;&#x644;&#x644; &#x627;&#x644;&#x643;&#x627;&#x645;&#x646;&#x60C; &#x627;&#x644;&#x631;&#x623;&#x633;&#x645;&#x627;&#x644;&#x64A;&#x629; &#x648;&#x627;&#x644;&#x627;&#x634;&#x62A;&#x631;&#x627;&#x643;&#x64A;&#x629; &#x641;&#x64A; &#x627;&#x644;&#x628;&#x646;&#x649; &#x627;&#x644;&#x623;&#x648;&#x644;&#x64A;&#x629; &#x644;&#x641;&#x644;&#x633;&#x641;&#x629; &#x627;&#x644;&#x648;&#x62C;&#x648;&#x62F;&#x60C; &#x645;&#x648;&#x627;&#x62C;&#x647;&#x629; &#x627;&#x644;&#x62D;&#x631;&#x628; &#x628;&#x62F;&#x648;&#x627;&#x641;&#x639; &#x627;&#x642;&#x62A;&#x635;&#x627;&#x62F;&#x64A;&#x629;&#x60C; &#x627;&#x644;&#x631;&#x623;&#x633;&#x645;&#x627;&#x644;&#x64A;&#x629; &#x627;&#x644;&#x62C;&#x634;&#x639;&#x629;&#x60C; &#x627;&#x644;&#x627;&#x62D;&#x62A;&#x62C;&#x627;&#x62C; &#x627;&#x644;&#x631;&#x623;&#x633;&#x645;&#x627;&#x644;&#x64A; &#x639;&#x644;&#x649; &#x627;&#x644;&#x631;&#x623;&#x633;&#x645;&#x627;&#x644;&#x64A;&#x629;&#x60C; &#x633;&#x648;&#x642;&#x64A;&#x629; &#x627;&#x644;&#x627;&#x646;&#x633;&#x627;&#x646; &#x641;&#x64A; &#x627;&#x644;&#x645;&#x646;&#x637;&#x642; &#x627;&#x644;&#x631;&#x623;&#x633;&#x645;&#x627;&#x644;&#x64A;&#x60C; &#x627;&#x644;&#x627;&#x633;&#x644;&#x627;&#x645; &#x648;&#x627;&#x644;&#x62B;&#x631;&#x648;&#x629; &#x648;&#x627;&#x644;&#x627;&#x646;&#x633;&#x627;&#x646;&#x60C; &#x627;&#x644;&#x645;&#x644;&#x643;&#x64A;&#x629; &#x641;&#x64A; &#x627;&#x644;&#x627;&#x633;&#x644;&#x627;&#x645;.</subfield>
  </datafield>
  <datafield tag="653" ind1=" " ind2=" ">
    <subfield code="a">&#x627;&#x644;&#x627;&#x642;&#x62A;&#x635;&#x627;&#x62F; &#x627;&#x644;&#x633;&#x64A;&#x627;&#x633;&#x64A;</subfield>
  </datafield>
  <datafield tag="653" ind1=" " ind2=" ">
    <subfield code="a">&#x627;&#x644;&#x631;&#x623;&#x633;&#x645;&#x627;&#x644;&#x64A;&#x629;</subfield>
  </datafield>
  <datafield tag="942" ind1=" " ind2=" ">
    <subfield code="c">&#x643;&#x62A;&#x627;&#x628;</subfield>
  </datafield>
  <datafield tag="999" ind1=" " ind2=" ">
    <subfield code="c">45694</subfield>
    <subfield code="d">45694</subfield>
  </datafield>
</record>
